00556 2200193 4500001002100000005001500021035002000036245004700056100002200103250002000125300002700145856001800172260006800190082001600258084002200274020002300296600002600319990001700345INLIS00000000000001820250710112137 a0010-07250000181 aDANIS :bSang Pemenang /cMuhammad Sanjaya0 aSanjaya, Muhammad aCetakan Pertama a28 :bilus. ;c29,7 cm aTBM AS SUHADA aJakarta Timur :bBadan Pengembangan dan Pembinaan Bahasa,c2020 a398.209 598 a398.209 598 HEL r a978-623-3073-303-5 4aCerita anak-Indonesia aTBM202500023